[Event "Titled Tuesday intern op 20th Jun Late"]
[Site "Chess.com INT"]
[Date "2023.06.20"]
[Round "6"]
[White "Melikhov, Evgeny V"]
[Black "Zaitsev, Alexander"]
[Result "1/2-1/2"]
[WhiteElo "2271"]
[BlackElo "2473"]
[PlyCount "166"]
[EventDate "2023.06.20"]
[EventType "swiss (blitz)"]
[EventRounds "11"]
[EventCountry "USA"]
[SourceTitle "EXT 2024"]
[Source "ChessBase"]
[SourceDate "2023.10.10"]
[SourceVersion "1"]
[SourceVersionDate "2023.10.10"]
[SourceQuality "1"]

1. d4 Nf6 2. c4 e6 3. Nc3 Bb4 4. Qc2 0-0 5. e4 d6 6. e5 dxe5 7. dxe5 Ng4 8. Nf3 Nc6 9. Bf4 Nd4 10. Qd2 f6 11. Qxd4 Qxd4 12. Nxd4 fxe5 13. Be3 exd4 14. Bxd4 e5 15. Be3 Nxe3 16. fxe3 Bc5 17. Bd3 Bxe3 18. Nd5 Bf2+ 19. Kd2 c6 20. Ne7+ Kh8 21. Nxc8 Raxc8 22. Rhf1 g6 23. Kc2 Kg7 24. Rad1 Rc7 25. Be4 Bd4 26. Rxf8 Kxf8 27. Rf1+ Kg7 28. b4 Rd7 29. a4 Rd8 30. b5 cxb5 31. axb5 Rd7 32. Bd5 a6 33. bxa6 bxa6 34. Rf3 a5 35. Ra3 Ra7 36. Ra4 Kf6 37. Kd3 Ke7 38. Ke4 Kd6 39. h4 Kc5 40. g4 Bc3 41. h5 gxh5 42. gxh5 Kd6 43. h6 Bd2 44. c5+ Kxc5 45. Kxe5 Bxh6 46. Be4 Re7+ 47. Kf5 Bd2 48. Bc2 Bb4 49. Ra2 Re2 50. Bb3 Rxa2 51. Bxa2 Kd4 52. Kg5 Bd2+ 53. Kh5 Kc3 54. Be6 h6 55. Kg4 Kd4 56. Kh3 Ke5 57. Bf7 Kf4 58. Bg8 a4 59. Kh2 Kg5 60. Kh1 h5 61. Bf7 h4 62. Be6 a3 63. Bd5 Kf4 64. Bc4 Kg3 65. Bd5 h3 66. Bc4 Be3 67. Bd5 Kf4 68. Bc4 Ke5 69. Bg8 Kd4 70. Bf7 Kc3 71. Bg8 Kd2 72. Bf7 Bf4 73. Bg8 Kc3 74. Bf7 Kd4 75. Bg8 Ke5 76. Bf7 Kf6 77. Ba2 Ke7 78. Bb3 Kd6 79. Ba2 Kc5 80. Bb3 Kd4 81. Bg8 Kc3 82. Bf7 Kb2 83. Bg8 Kc3 1/2-1/2

[Event "Titled Tuesday intern op 20th Jun Early"]
[Site "Chess.com INT"]
[Date "2023.06.20"]
[Round "5"]
[White "Morefield, Jason P"]
[Black "Zaitsev, Alexander"]
[Result "1-0"]
[WhiteElo "2167"]
[BlackElo "2473"]
[PlyCount "61"]
[EventDate "2023.06.20"]
[EventType "swiss (blitz)"]
[EventRounds "11"]
[EventCountry "USA"]
[SourceTitle "EXT 2024"]
[Source "ChessBase"]
[SourceDate "2023.10.10"]
[SourceVersion "1"]
[SourceVersionDate "2023.10.10"]
[SourceQuality "1"]

1. e4 c5 2. Nf3 g6 3. c3 Bg7 4. d4 cxd4 5. cxd4 d5 6. e5 a6 7. Bd3 Nc6 8. 0-0 f6 9. Re1 Bg4 10. exf6 Nxf6 11. Be2 0-0 12. Nc3 Kh8 13. Ng5 Bd7 14. Bf3 e6 15. Nxe6 Bxe6 16. Rxe6 Ne4 17. Nxe4 dxe4 18. Rxe4 Nxd4 19. Bg4 h5 20. Bxh5 gxh5 21. Qxh5+ Kg8 22. Bg5 Qd5 23. Re7 Nf5 24. Ree1 Qf7 25. Qg4 Rae8 26. h4 Nd4 27. Rxe8 Qxf2+ 28. Kh2 Rxe8 29. Rd1 Nf5 30. Rd7 Qc5 31. Bf4 1-0

[Event "Titled Tuesday intern op 20th Jun Early"]
[Site "Chess.com INT"]
[Date "2023.06.20"]
[Round "6"]
[White "Vaibhav, Jayant Raut"]
[Black "Zaitsev, Alexander"]
[Result "0-1"]
[WhiteElo "2237"]
[BlackElo "2473"]
[PlyCount "120"]
[EventDate "2023.06.20"]
[EventType "swiss (blitz)"]
[EventRounds "11"]
[EventCountry "USA"]
[SourceTitle "EXT 2024"]
[Source "ChessBase"]
[SourceDate "2023.10.10"]
[SourceVersion "1"]
[SourceVersionDate "2023.10.10"]
[SourceQuality "1"]

1. c4 Nf6 2. g3 e6 3. Bg2 d5 4. Nf3 dxc4 5. Qa4+ c6 6. Qxc4 b5 7. Qc2 Bb7 8. d4 Nbd7 9. 0-0 a6 10. e4 c5 11. e5 Nd5 12. Nc3 cxd4 13. Ne4 Rc8 14. Qe2 d3 15. Qxd3 Nc5 16. Nxc5 Bxc5 17. Bg5 Qb6 18. Bd2 h6 19. Rac1 0-0 20. Qe2 Rfd8 21. Qe1 b4 22. Kh1 a5 23. g4 Ba6 24. g5 Bxf1 25. Qxf1 Bxf2 26. gxh6 Be3 27. Ng5 Bxg5 28. Bxg5 f6 29. exf6 gxf6 30. Bd2 Rxc1 31. Qxc1 Qd4 32. Qe1 Qg4 33. h3 Qg6 34. Qxe6+ Qf7 35. h7+ Kg7 36. h8Q+ Rxh8 37. Qxf7+ Kxf7 38. Bxd5+ Ke7 39. Be3 Rxh3+ 40. Kg2 Rxe3 41. b3 Rd3 42. Bc4 Rd2+ 43. Kf3 Rxa2 44. Ke4 Rc2 45. Bd5 Kd6 46. Bf7 Rc5 47. Kd4 f5 48. Ke3 Ke5 49. Kd3 Rc3+ 50. Kd2 f4 51. Ke2 Kd4 52. Kf2 Ke4 53. Ke2 Rc2+ 54. Kd1 Rb2 55. Ke1 Ke3 56. Kf1 f3 57. Kg1 Rb1+ 58. Kh2 f2 59. Bc4 f1Q 60. Bxf1 Rxf1 0-1

[Event "Titled Tuesday intern op 20th Jun Late"]
[Site "Chess.com INT"]
[Date "2023.06.20"]
[Round "5"]
[White "Zaitsev, Alexander"]
[Black "Avalos Parra, Joao"]
[Result "0-1"]
[WhiteElo "2473"]
[BlackElo "2185"]
[PlyCount "72"]
[EventDate "2023.06.20"]
[EventType "swiss (blitz)"]
[EventRounds "11"]
[EventCountry "USA"]
[SourceTitle "EXT 2024"]
[Source "ChessBase"]
[SourceDate "2023.10.10"]
[SourceVersion "1"]
[SourceVersionDate "2023.10.10"]
[SourceQuality "1"]

1. e4 e5 2. Nc3 Nf6 3. Bc4 Nc6 4. d3 Bc5 5. f4 d6 6. Nf3 exf4 7. Bxf4 0-0 8. Bg5 h6 9. Bh4 Bg4 10. Qd2 Bxf3 11. gxf3 Nxe4 12. Bxd8 Nxd2 13. Bxc7 Nxf3+ 14. Kd1 Rfe8 15. Ne4 Rxe4 16. dxe4 Rc8 17. Rf1 Nfe5 18. Bxd6 Bxd6 19. Bd5 Rd8 20. Ke2 Nd4+ 21. Kd2 Be7 22. c3 Bg5+ 23. Kd1 Ndf3 24. Rf2 Kh7 25. Kc2 Nh4 26. Bxf7 Nxf7 27. Rxf7 Rd2+ 28. Kb3 Rxh2 29. Rxb7 Nf3 30. Rd1 Nd2+ 31. Kb4 Nxe4 32. b3 Rxa2 33. Rdd7 Bf6 34. c4 Bc3+ 35. Kb5 Ra5+ 36. Kc6 Rc5# 0-1

[Event "Titled Tuesday intern op 20th Jun Early"]
[Site "Chess.com INT"]
[Date "2023.06.20"]
[Round "7"]
[White "Zaitsev, Alexander"]
[Black "Postny, Evgeny"]
[Result "1/2-1/2"]
[WhiteElo "2473"]
[BlackElo "2549"]
[PlyCount "112"]
[EventDate "2023.06.20"]
[EventType "swiss (blitz)"]
[EventRounds "11"]
[EventCountry "USA"]
[SourceTitle "EXT 2024"]
[Source "ChessBase"]
[SourceDate "2023.10.10"]
[SourceVersion "1"]
[SourceVersionDate "2023.10.10"]
[SourceQuality "1"]

1. e4 c5 2. Nf3 Nc6 3. Bb5 d6 4. d4 cxd4 5. Qxd4 Bd7 6. Bxc6 bxc6 7. Nc3 e5 8. Qd3 h6 9. 0-0 Nf6 10. Na4 Be7 11. c4 Qc7 12. b3 0-0 13. Qe2 Rfe8 14. Bb2 Bf8 15. c5 d5 16. exd5 cxd5 17. Bxe5 Bxa4 18. bxa4 Qxc5 19. Qb5 Ne4 20. Rac1 Qxb5 21. axb5 Re6 22. Rfd1 Bc5 23. Bd4 Bb6 24. Bxb6 axb6 25. Rc2 Ra3 26. Rxd5 Nc3 27. Rd8+ Kh7 28. h4 Nxb5 29. h5 Rc3 30. Rb2 Rc5 31. Rd7 Rxh5 32. Rxf7 Nd4 33. g4 Nxf3+ 34. Rxf3 Rg5 35. Rg3 Rc5 36. Kg2 Rc4 37. Kh3 Rg6 38. Rd2 Ra4 39. Rc2 Rg5 40. Rb2 Rg6 41. Rc2 Re6 42. Rb2 Ra5 43. Kg2 Ra4 44. Rc2 Rf6 45. Rb2 Raf4 46. f3 Rc4 47. Kh3 Rfc6 48. Rd2 Rc2 49. Rgg2 Rxd2 50. Rxd2 Rc3 51. Kg3 Ra3 52. Rb2 Ra4 53. Rb3 Rxa2 54. Rxb6 Ra4 55. Rb5 Rc4 56. Ra5 Rb4 1/2-1/2

[Event "Titled Tuesday intern op 20th Jun Late"]
[Site "Chess.com INT"]
[Date "2023.06.20"]
[Round "1"]
[White "Zaitsev, Alexander"]
[Black "Svane, Rasmus"]
[Result "1/2-1/2"]
[WhiteElo "2473"]
[BlackElo "2616"]
[PlyCount "179"]
[EventDate "2023.06.20"]
[EventType "swiss (blitz)"]
[EventRounds "11"]
[EventCountry "USA"]
[SourceTitle "EXT 2024"]
[Source "ChessBase"]
[SourceDate "2023.10.10"]
[SourceVersion "1"]
[SourceVersionDate "2023.10.10"]
[SourceQuality "1"]

1. e4 c6 2. d4 d5 3. Nc3 dxe4 4. Nxe4 Nf6 5. Nxf6+ exf6 6. Be3 Na6 7. a3 Bd6 8. Bd3 0-0 9. Ne2 Nc7 10. c4 b5 11. b3 Re8 12. 0-0 Bd7 13. Ng3 g6 14. Ne4 Be7 15. Re1 f5 16. Nc5 bxc4 17. bxc4 Ne6 18. Nxe6 Bxe6 19. Qa4 Bf6 20. Rad1 Qd6 21. g3 g5 22. c5 Qc7 23. Bf1 f4 24. Bc1 fxg3 25. hxg3 Bg4 26. Bg2 Bxd1 27. Rxd1 Rac8 28. Qc2 Rcd8 29. Be3 h6 30. Qf5 Kg7 31. Qf3 Re6 32. Bh3 Ree8 33. Bg2 Rc8 34. Bh3 Rb8 35. Bg2 Rec8 36. Bh3 Rd8 37. Bg2 Rd5 38. Qg4 Rdd8 39. Bf4 Qc8 40. Qxc8 Rbxc8 41. Bd6 g4 42. Be4 h5 43. Bf5 Ra8 44. Be4 Rxd6 45. cxd6 Rd8 46. Bxc6 Rxd6 47. d5 Bd8 48. Rb1 Bb6 49. Rb2 Kg6 50. a4 Kg5 51. Kg2 h4 52. gxh4+ Kxh4 53. Rb4 Kg5 54. Rb5 Rf6 55. Rb2 Rf4 56. Rd2 Rc4 57. Bb5 Rc8 58. d6 Rd8 59. d7 f5 60. Rd5 Kf6 61. Bd3 Ke6 62. Bc4 Rxd7 63. Rxd7+ Kxd7 64. f3 Bc7 65. fxg4 fxg4 66. Be2 g3 67. Bb5+ Ke6 68. Bc6 Ke7 69. Bb5 Ke6 70. Bc6 Kd6 71. Bb5 Kc5 72. Bd7 Kb4 73. Be8 Ka5 74. Bd7 a6 75. Be8 Kb6 76. Bd7 Bd6 77. Be8 Ka5 78. Bd7 Kb6 79. Be8 Kc7 80. Kf3 Be5 81. Kg2 Kd6 82. Kf3 Kc5 83. Kg2 Kd4 84. Bd7 Bc7 85. Be8 Kd5 86. Bd7 Ke5 87. Bc8 Kd6 88. Bxa6 Kc6 89. Bb5+ Kb6 90. Be8 1/2-1/2

[Event "Titled Tuesday intern op 13th Jun Late"]
[Site "Chess.com INT"]
[Date "2023.06.13"]
[Round "3"]
[White "Gomez Ledo, Roberto Carlos"]
[Black "Zaitsev, Alexander"]
[Result "1-0"]
[WhiteElo "2432"]
[BlackElo "2473"]
[PlyCount "77"]
[EventDate "2023.06.13"]
[EventType "swiss (blitz)"]
[EventRounds "11"]
[EventCountry "USA"]
[SourceTitle "EXT 2024"]
[Source "ChessBase"]
[SourceDate "2023.10.10"]
[SourceVersion "1"]
[SourceVersionDate "2023.10.10"]
[SourceQuality "1"]

1. d4 Nf6 2. Bf4 d5 3. e3 e6 4. Nd2 Bd6 5. Bg3 0-0 6. Bd3 c5 7. c3 b6 8. e4 Be7 9. e5 Nfd7 10. Qh5 f5 11. exf6 Nxf6 12. Qe2 Nc6 13. Ngf3 cxd4 14. Nxd4 Nxd4 15. cxd4 Qe8 16. 0-0 Nh5 17. Nf3 Nf4 18. Qe3 Nxd3 19. Qxd3 Bd7 20. Rfe1 Rc8 21. a3 Qh5 22. Ne5 Ba4 23. Qa6 Bc2 24. Qxa7 Bf6 25. Qxb6 Be4 26. Qxe6+ Kh8 27. Rac1 Rxc1 28. Rxc1 h6 29. f3 Bh7 30. Qxd5 Qg5 31. Re1 Bg8 32. Qe4 Bh7 33. Qg4 Qd2 34. b4 Kg8 35. Qe6+ Kh8 36. Nf7+ Rxf7 37. Qxf7 Bxd4+ 38. Kh1 Be5 39. Rxe5 1-0

[Event "Titled Tuesday intern op 13th Jun Late"]
[Site "Chess.com INT"]
[Date "2023.06.13"]
[Round "1"]
[White "Holt, Conrad"]
[Black "Zaitsev, Alexander"]
[Result "1-0"]
[WhiteElo "2540"]
[BlackElo "2473"]
[PlyCount "63"]
[EventDate "2023.06.13"]
[EventType "swiss (blitz)"]
[EventRounds "11"]
[EventCountry "USA"]
[SourceTitle "EXT 2024"]
[Source "ChessBase"]
[SourceDate "2023.10.10"]
[SourceVersion "1"]
[SourceVersionDate "2023.10.10"]
[SourceQuality "1"]

1. d4 Nf6 2. c4 e6 3. Nc3 Bb4 4. Qc2 0-0 5. e4 d6 6. a3 Bxc3+ 7. bxc3 c5 8. e5 dxe5 9. dxe5 Nfd7 10. Nf3 Nc6 11. Bf4 f6 12. Bd3 Ndxe5 13. Nxe5 Nxe5 14. Bxh7+ Kh8 15. Bxe5 fxe5 16. 0-0 Bd7 17. Rad1 Qe7 18. Be4 Be8 19. Rd3 Rf6 20. Rh3+ Rh6 21. Rxh6+ gxh6 22. Qd2 Kg7 23. Qe3 Rd8 24. Bc2 Qf6 25. Qxc5 Rd2 26. Be4 Qf4 27. Bxb7 Bh5 28. Qc7+ Kh8 29. g3 Qf6 30. Qb8+ Kg7 31. Bg2 Be2 32. Qxa7+ 1-0

[Event "Titled Tuesday intern op 13th Jun Late"]
[Site "Chess.com INT"]
[Date "2023.06.13"]
[Round "10"]
[White "Piesik, Piotr"]
[Black "Zaitsev, Alexander"]
[Result "1-0"]
[WhiteElo "2426"]
[BlackElo "2473"]
[PlyCount "61"]
[EventDate "2023.06.13"]
[EventType "swiss (blitz)"]
[EventRounds "11"]
[EventCountry "USA"]
[SourceTitle "EXT 2024"]
[Source "ChessBase"]
[SourceDate "2023.10.10"]
[SourceVersion "1"]
[SourceVersionDate "2023.10.10"]
[SourceQuality "1"]

1. Nf3 Nf6 2. g3 d5 3. Bg2 c6 4. 0-0 Bg4 5. d3 Nbd7 6. Nbd2 e5 7. e4 Bd6 8. h3 Bh5 9. Qe1 0-0 10. Nh4 Re8 11. Nf5 Bf8 12. Nb3 a5 13. a4 Qc7 14. g4 Bg6 15. Ng3 dxe4 16. dxe4 Nc5 17. Nxc5 Bxc5 18. Qe2 h6 19. h4 Nd7 20. h5 Bh7 21. g5 hxg5 22. Bxg5 Nf8 23. Bh3 Ne6 24. Bxe6 fxe6 25. Qg4 Qf7 26. Kg2 Rf8 27. f3 Kh8 28. Rad1 Bb6 29. Rd6 Rae8 30. Rfd1 Bd8 31. Bxd8 1-0

[Event "Titled Tuesday intern op 13th Jun Early"]
[Site "Chess.com INT"]
[Date "2023.06.13"]
[Round "7"]
[White "Vifleemskaia, Svetlana"]
[Black "Zaitsev, Alexander"]
[Result "1/2-1/2"]
[WhiteElo "1971"]
[BlackElo "2473"]
[PlyCount "133"]
[EventDate "2023.06.13"]
[EventType "swiss (blitz)"]
[EventRounds "11"]
[EventCountry "USA"]
[SourceTitle "EXT 2024"]
[Source "ChessBase"]
[SourceDate "2023.10.10"]
[SourceVersion "1"]
[SourceVersionDate "2023.10.10"]
[SourceQuality "1"]

1. d4 Nf6 2. c4 e6 3. Nc3 Bb4 4. e3 b6 5. Nge2 Ba6 6. a3 Bxc3+ 7. Nxc3 d5 8. b3 0-0 9. Be2 Nc6 10. 0-0 Na5 11. cxd5 Bxe2 12. Nxe2 exd5 13. Bd2 Nb7 14. Ng3 Nd6 15. Bb4 Re8 16. Bxd6 Qxd6 17. b4 c6 18. Qb3 a5 19. Rab1 axb4 20. Qxb4 Qxb4 21. axb4 b5 22. Rfc1 Re6 23. Ra1 Ree8 24. Kf1 g6 25. Rxa8 Rxa8 26. Rxc6 Kg7 27. Rb6 h5 28. f3 Ra1+ 29. Kf2 Ra2+ 30. Ne2 Rb2 31. Rxb5 Kf8 32. Rb7 Ne8 33. Rd7 Nf6 34. Rb7 Ne8 35. Rb8 Ke7 36. e4 dxe4 37. fxe4 Nd6 38. Kf3 Rb3+ 39. Kf4 g5+ 40. Kxg5 Nxe4+ 41. Kxh5 Nf6+ 42. Kh4 Re3 43. Nf4 Re4 44. g3 Rxd4 45. Kg5 Ne4+ 46. Kf5 Nd6+ 47. Ke5 Re4+ 48. Kd5 Re1 49. Kc6 Rc1+ 50. Kb6 Nc4+ 51. Kb5 Nd6+ 52. Kb6 Nc4+ 53. Ka6 Ra1+ 54. Kb5 Nd6+ 55. Kc5 Rc1+ 56. Kd4 Nf5+ 57. Ke4 Nd6+ 58. Kf3 Rc3+ 59. Kg4 Rc4 60. h4 Ne4 61. Nd5+ Kd6 62. Nf4 Rc3 63. Nh5 Nf2+ 64. Kg5 Ne4+ 65. Kg4 Nf2+ 66. Kg5 Ne4+ 67. Kg4 1/2-1/2

[Event "Titled Tuesday intern op 13th Jun Late"]
[Site "Chess.com INT"]
[Date "2023.06.13"]
[Round "11"]
[White "Zaitsev, Alexander"]
[Black "Nasta, Kiren Vivek"]
[Result "1/2-1/2"]
[WhiteElo "2473"]
[BlackElo "1959"]
[PlyCount "98"]
[EventDate "2023.06.13"]
[EventType "swiss (blitz)"]
[EventRounds "11"]
[EventCountry "USA"]
[SourceTitle "EXT 2024"]
[Source "ChessBase"]
[SourceDate "2023.10.10"]
[SourceVersion "1"]
[SourceVersionDate "2023.10.10"]
[SourceQuality "1"]

1. e4 e5 2. Nc3 Nf6 3. Bc4 Nc6 4. d3 Bc5 5. f4 0-0 6. Nf3 exf4 7. Bxf4 d6 8. Na4 Bb6 9. Nxb6 axb6 10. Bg5 Be6 11. Bb5 h6 12. Bh4 Ne5 13. d4 Nxf3+ 14. Qxf3 g5 15. Bg3 Bg4 16. Qe3 Qe7 17. h3 Qxe4 18. Qxe4 Nxe4 19. hxg4 Nxg3 20. Rxh6 Kg7 21. Rh3 Ne4 22. a3 Rh8 23. Ke2 Nf6 24. Kf3 d5 25. Re1 c6 26. Bd3 Rae8 27. Rxh8 Rxe1 28. Rb8 Re7 29. Bf5 Ne8 30. b3 Nd6 31. Rd8 Nxf5 32. gxf5 Kf6 33. g4 Re4 34. c3 Re1 35. Rd7 Rc1 36. Rxb7 Rxc3+ 37. Kf2 Rxb3 38. a4 Rb4 39. Rc7 Rxa4 40. Rxc6+ Kg7 41. Rxb6 Rxd4 42. Kg3 Rd3+ 43. Kg2 d4 44. Rd6 Rd2+ 45. Kf3 d3 46. Ke3 Rg2 47. Kf3 Rd2 48. Ke3 Rg2 49. Kf3 Rd2 1/2-1/2

[Event "Titled Tuesday intern op 13th Jun Early"]
[Site "Chess.com INT"]
[Date "2023.06.13"]
[Round "9"]
[White "Zaitsev, Alexander"]
[Black "Spata, German"]
[Result "0-1"]
[WhiteElo "2473"]
[BlackElo "2376"]
[PlyCount "40"]
[EventDate "2023.06.13"]
[EventType "swiss (blitz)"]
[EventRounds "11"]
[EventCountry "USA"]
[SourceTitle "EXT 2024"]
[Source "ChessBase"]
[SourceDate "2023.10.10"]
[SourceVersion "1"]
[SourceVersionDate "2023.10.10"]
[SourceQuality "1"]

1. e4 e6 2. d4 d5 3. exd5 exd5 4. Nf3 Nf6 5. Bd3 Be7 6. 0-0 Bg4 7. Re1 0-0 8. h3 Bh5 9. c4 dxc4 10. Bxc4 c6 11. g4 Bg6 12. Ne5 Nbd7 13. Nc3 Nb6 14. Bb3 Nfd5 15. f4 h6 16. Nxg6 fxg6 17. Qd3 Bd6 18. Qxg6 Qh4 19. Re3 Bxf4 20. Rf3 Bh2+ 0-1

[Event "Titled Tuesday intern op 06th Jun Early"]
[Site "Chess.com INT"]
[Date "2023.06.06"]
[Round "5"]
[White "Aradhya, Garg"]
[Black "Zaitsev, Alexander"]
[Result "1-0"]
[WhiteElo "2339"]
[BlackElo "2473"]
[PlyCount "79"]
[EventDate "2023.06.06"]
[EventType "swiss (blitz)"]
[EventRounds "11"]
[EventCountry "USA"]
[SourceTitle "EXT 2024"]
[Source "ChessBase"]
[SourceDate "2023.10.10"]
[SourceVersion "1"]
[SourceVersionDate "2023.10.10"]
[SourceQuality "1"]

1. d4 Nf6 2. c4 e6 3. Nf3 Bb4+ 4. Nbd2 0-0 5. a3 Be7 6. e4 d6 7. Be2 Nbd7 8. 0-0 e5 9. b4 exd4 10. Nxd4 Re8 11. Bb2 Bf8 12. Qc2 c6 13. Rad1 a5 14. b5 Qb6 15. Rfe1 Nc5 16. Bf3 Bg4 17. a4 Rad8 18. h3 Bxf3 19. N4xf3 Nfd7 20. Re2 Ne5 21. Bd4 Qc7 22. Bc3 g6 23. Nd4 Bg7 24. f4 Ned3 25. Rf1 Nb4 26. Qb1 Nxa4 27. Ba1 Qb6 28. N2f3 Nc5 29. Kh2 Nxe4 30. Rxe4 Rxe4 31. Qxe4 Qc5 32. bxc6 bxc6 33. Nb3 Qb6 34. Bxg7 Kxg7 35. Ng5 h6 36. Nf3 a4 37. Na1 Qc5 38. Qe7 Rb8 39. Rd1 d5 40. Qxc5 1-0

[Event "Titled Tuesday intern op 06th Jun Early"]
[Site "Chess.com INT"]
[Date "2023.06.06"]
[Round "3"]
[White "Zaitsev, Alexander"]
[Black "Barlakov, Arsalan"]
[Result "1-0"]
[WhiteElo "2473"]
[BlackElo "2313"]
[PlyCount "45"]
[EventDate "2023.06.06"]
[EventType "swiss (blitz)"]
[EventRounds "11"]
[EventCountry "USA"]
[SourceTitle "EXT 2024"]
[Source "ChessBase"]
[SourceDate "2023.10.10"]
[SourceVersion "1"]
[SourceVersionDate "2023.10.10"]
[SourceQuality "1"]

1. e4 c5 2. Nf3 e6 3. g3 a6 4. Bg2 b5 5. 0-0 Bb7 6. Re1 Nf6 7. e5 Nd5 8. d3 d6 9. c4 Nb6 10. b3 dxe5 11. Nxe5 Bxg2 12. Kxg2 Be7 13. Nc3 0-0 14. cxb5 axb5 15. Nxb5 Nd5 16. Bb2 Ra5 17. a4 Ra6 18. Qg4 Bf6 19. Rac1 Nc6 20. Rxc5 Nxe5 21. Bxe5 Bxe5 22. Rxe5 Nb4 23. Qxb4 1-0

[Event "Titled Tuesday intern op 06th Jun Early"]
[Site "Chess.com INT"]
[Date "2023.06.06"]
[Round "9"]
[White "Zaitsev, Alexander"]
[Black "Goroshkov, Maksym"]
[Result "0-1"]
[WhiteElo "2473"]
[BlackElo "2257"]
[PlyCount "100"]
[EventDate "2023.06.06"]
[EventType "swiss (blitz)"]
[EventRounds "11"]
[EventCountry "USA"]
[SourceTitle "EXT 2024"]
[Source "ChessBase"]
[SourceDate "2023.10.10"]
[SourceVersion "1"]
[SourceVersionDate "2023.10.10"]
[SourceQuality "1"]

1. e4 e5 2. Nc3 Nf6 3. Bc4 Nc6 4. d3 Be7 5. f4 0-0 6. Nf3 d6 7. 0-0 Bg4 8. h3 Bxf3 9. Qxf3 exf4 10. Bxf4 Ne5 11. Bxe5 dxe5 12. Kh1 c6 13. Ne2 a5 14. a4 g6 15. Rf2 Kg7 16. Raf1 b5 17. axb5 cxb5 18. Bxb5 Ng8 19. Qg3 f6 20. Bc4 Qb6 21. b3 a4 22. bxa4 Rxa4 23. Nc3 Ra7 24. Nd5 Qd8 25. Ne3 Bc5 26. Rf3 Bxe3 27. Rxe3 Rc7 28. Ref3 Rc6 29. h4 Ne7 30. h5 Qd6 31. Qf2 Ng8 32. Qa7+ Rc7 33. Qe3 Nh6 34. Rg3 g5 35. Qf3 Qd8 36. Qe2 Rc6 37. Bd5 Rb6 38. c3 Qe8 39. d4 g4 40. Qe3 Qxh5+ 41. Kg1 Rfb8 42. dxe5 Qxe5 43. c4 Rb1 44. Qa7+ Kh8 45. Qf2 Kg7 46. Kh2 Rxf1 47. Qxf1 Rb3 48. Qf2 Nf7 49. Bxf7 Kxf7 50. c5 h5 0-1

[Event "Titled Tuesday intern op 30th May Late"]
[Site "Chess.com INT"]
[Date "2023.05.30"]
[Round "8"]
[White "Brown, Raehanna"]
[Black "Zaitsev, Alexander"]
[Result "0-1"]
[WhiteElo "1710"]
[BlackElo "2473"]
[PlyCount "152"]
[EventDate "2023.05.30"]
[EventType "swiss (blitz)"]
[EventRounds "11"]
[EventCountry "USA"]
[SourceTitle "CBM 214 Extra"]
[Source "ChessBase"]
[SourceDate "2023.07.31"]
[SourceVersion "1"]
[SourceVersionDate "2023.07.31"]
[SourceQuality "1"]

1. c4 Nf6 2. Nc3 e6 3. e4 d5 4. e5 d4 5. exf6 dxc3 6. bxc3 Qxf6 7. d4 e5 8. Nf3 Nc6 9. Bd3 exd4 10. 0-0 Be7 11. Bg5 Qd6 12. Re1 0-0 13. Bxe7 Nxe7 14. cxd4 h6 15. Qc2 c5 16. d5 Bd7 17. a4 Rfe8 18. a5 Rad8 19. Rab1 b6 20. axb6 axb6 21. Ne5 Nc8 22. Nxd7 Qxd7 23. Bf5 Qd6 24. Rxe8+ Rxe8 25. Qb2 Ne7 26. Bd3 Rb8 27. Re1 Kf8 28. g3 Re8 29. Qb5 Rb8 30. Kg2 g6 31. Qb2 Kg8 32. Qe2 Kf8 33. Qb2 Kg8 34. Qe2 Rb7 35. Qe3 Kg7 36. Qf3 Nc8 37. Bc2 Re7 38. Qc3+ Kg8 39. Rxe7 Qxe7 40. Qe3 Qxe3 41. fxe3 Nd6 42. Bd3 Kg7 43. Kf3 Kf6 44. h4 Ke5 45. g4 g5 46. hxg5 hxg5 47. Be2 Ne4 48. Bd3 Nd2+ 49. Ke2 Nb3 50. Kf3 Na5 51. Ke2 Nb7 52. Kf3 Nd6 53. Ke2 Ne8 54. Kf3 Nf6 55. Kg3 Ne8 56. Kf3 f6 57. Kg3 Nd6 58. Kf3 Nf7 59. Kg3 Kd6 60. Be2 Ne5 61. Bf1 Kc7 62. Be2 Kb7 63. e4 Ka7 64. Kf2 Ka6 65. Ke3 Ka5 66. Kd2 Kb4 67. Ke3 Kc3 68. Kf2 Kd4 69. Bf3 Kxc4 70. Ke3 b5 71. Be2+ Kb4 72. Bd3 c4 73. Be2 Kc5 74. Kd2 Kd4 75. d6 Kc5 76. d7 Nxd7 0-1

[Event "Titled Tuesday intern op 30th May Early"]
[Site "Chess.com INT"]
[Date "2023.05.30"]
[Round "9"]
[White "Souleidis, Georgios"]
[Black "Zaitsev, Alexander"]
[Result "1-0"]
[WhiteElo "2419"]
[BlackElo "2473"]
[PlyCount "55"]
[EventDate "2023.05.30"]
[EventType "swiss (blitz)"]
[EventRounds "11"]
[EventCountry "USA"]
[SourceTitle "CBM 214 Extra"]
[Source "ChessBase"]
[SourceDate "2023.07.31"]
[SourceVersion "1"]
[SourceVersionDate "2023.07.31"]
[SourceQuality "1"]

1. e4 c5 2. Be2 g6 3. d3 Bg7 4. f4 Nc6 5. Nf3 d6 6. 0-0 e6 7. c3 Nge7 8. Be3 0-0 9. d4 cxd4 10. cxd4 b6 11. Nc3 Bb7 12. Qd2 Rc8 13. Rac1 Qd7 14. Bb5 a6 15. Bd3 Na5 16. b3 d5 17. e5 b5 18. Nxb5 axb5 19. Qxa5 Bc6 20. Rc2 Ra8 21. Qb4 Rfc8 22. Rfc1 Bf8 23. Qd2 b4 24. Qe2 Rcb8 25. g4 Bb5 26. Bxb5 Rxb5 27. Rc7 Qd8 28. Qxb5 1-0

[Event "Titled Tuesday intern op 30th May Late"]
[Site "Chess.com INT"]
[Date "2023.05.30"]
[Round "7"]
[White "Zaitsev, Alexander"]
[Black "Adewumi, Tanitoluwa"]
[Result "0-1"]
[WhiteElo "2473"]
[BlackElo "2283"]
[PlyCount "106"]
[EventDate "2023.05.30"]
[EventType "swiss (blitz)"]
[EventRounds "11"]
[EventCountry "USA"]
[SourceTitle "CBM 214 Extra"]
[Source "ChessBase"]
[SourceDate "2023.07.31"]
[SourceVersion "1"]
[SourceVersionDate "2023.07.31"]
[SourceQuality "1"]

1. e4 c5 2. Nf3 e6 3. g3 Nc6 4. Bg2 a6 5. 0-0 d6 6. c3 Nf6 7. Re1 e5 8. h3 Be7 9. d4 0-0 10. Na3 b5 11. d5 Na5 12. b4 Nb7 13. Nc2 a5 14. a3 axb4 15. axb4 Rxa1 16. Nxa1 Bd7 17. Nb3 Qc7 18. Bg5 h6 19. Bxf6 Bxf6 20. Qa1 cxb4 21. cxb4 Qc4 22. Na5 Nxa5 23. bxa5 Ra8 24. Bf1 Qb4 25. a6 Bd8 26. Rb1 Qxe4 27. Bxb5 Bxb5 28. Rxb5 Qxf3 29. a7 Bc7 30. Rb7 e4 31. Rxc7 e3 32. fxe3 Qxg3+ 33. Kh1 Qxh3+ 34. Kg1 Qxe3+ 35. Kh1 Qg5 36. Kh2 Qxd5 37. Qa6 Qe5+ 38. Kg2 Qg5+ 39. Kh2 Qf4+ 40. Kg2 Qg4+ 41. Kh2 d5 42. Rb7 Qf4+ 43. Kg2 d4 44. Qb6 Qe4+ 45. Kh2 d3 46. Rb8+ Kh7 47. Rxa8 Qxa8 48. Qb8 Qe4 49. a8Q Qe2+ 50. Qg2 Qh5+ 51. Kg1 Qc5+ 52. Qf2 Qg5+ 53. Qbg3 d2 0-1